000 00364nam a2200157Ia 4500
008 151213s9999 xx 000 0 und d
100 _aG.Tillotson
245 _aThe Rape of the Lock
_cG.Tillotson
250 _a1st
260 _aDelhi
_bA.I.T.B.S
_c2005
300 _a2532 p.
650 _aEnglish
650 _aEnglish
700 _aG.Tillotson
999 _c1715
_d1715